000
00325nam a2200145Ia 4500
100
_a
Tondo C.L & gimpel S.E
942
_c
BK
654
_a
C answer book
245
_a
C answer book
260
_b
Prentice Hall of India
_a
New Delhi
_c
1991
082
_a
001.6424C
_b
TON/G
300
_a
208
546
_a
ENGLISH
999
_c
20293
_d
20293